000 01006nam a22002537a 4500
005 20170124103022.0
010 _aA-690571
020 _c50.00
_a8170161908
035 _aA-690571
037 _bCen Lib/Ret
040 _aDPL
_bHN
082 _a
_bस्वयंप्र
100 _aस्वयं प्रकाश
_961069
245 _aआदमी जात का आदमी /
_cस्वयं प्रकाश
246 _aAadmi jaat ka aadmi /
_bby Swyam Prakash
260 _aनयी दिल्ली
_bकिताबघर
_c1994
270 _a24, अंसारी रोड, दरियागंज
_bनयी दिल्ली
_e110002
300 _a135पृ.
_c17सेमी (सजिल्द)
650 _aहिन्दी -- साहित्य
_961070
650 _aहिन्दी -- कहानी
_9779
650 _aHindi -- Literature
_961071
650 _aHindi -- Story
_943117
942 _2ddc
_cHN
_h
_mस्वयंप्र
999 _c115358
_d115358